000 00295nam a22001337a 4500
008 171005b xxu||||| |||| 00| 0 eng d
020 _a9780205158232
041 _aeng
080 _22ND
_a519.9
100 _a48
101 _aPSI
245 _aADOLESCENT PORTRAITS
_cGARROD,A
942 _2udc
_cBK
999 _c31844
_d31844